[Event "Crawley e2e4 Gatwick op"]
[Site "Crawley"]
[Date "2016.02.21"]
[Round "5"]
[White "White, Kevin"]
[Black "Fryer, David William"]
[Result "1-0"]
[WhiteElo "2042"]
[BlackElo "1978"]
[PlyCount "97"]
[EventDate "2016.02.19"]
[EventType "swiss"]
[EventRounds "5"]
[EventCountry "ENG"]
[SourceTitle "CBM 171 Extra"]
[Source "ChessBase"]
[SourceDate "2016.04.26"]
[SourceVersion "1"]
[SourceVersionDate "2016.04.26"]
[SourceQuality "1"]

1. d4 d5 2. g3 e6 3. Bg2 Nf6 4. c4 dxc4 5. Nf3 b5 6. a4 c6 7. Ne5 Nd5 8. 0-0 Bb7 9. b3 c3 10. e4 Nc7 11. Nxc3 b4 12. Ne2 Nd7 13. Nc4 Nf6 14. Qc2 a5 15. Rd1 Ra6 16. Bb2 Be7 17. Rac1 0-0 18. Nf4 Qa8 19. Ne3 Rd8 20. Qe2 Nce8 21. f3 Ra7 22. g4 Nd7 23. Nd3 Bf6 24. f4 g6 25. g5 Bg7 26. f5 exf5 27. exf5 Nd6 28. f6 Bf8 29. Ne5 Nb8 30. Qg4 Ra6 31. Qh4 Bc8 32. N3g4 Nf5 33. Qf2 Be6 34. Rd3 Qb7 35. Rh3 Qb6 36. Rd3 Rd6 37. Nc4 Bxc4 38. Rxc4 Qd8 39. Ne3 Nxe3 40. Rxe3 Nd7 41. Qe2 Rb6 42. Bc1 c5 43. d5 Rb7 44. Re8 Qb6 45. Bf4 Nxf6 46. gxf6 Rxf6 47. Bh6 Rb8 48. Bxf8 Re6 49. dxe6 1-0

[Event "Buxton e2e4 op"]
[Site "Buxton"]
[Date "2012.07.01"]
[Round "4"]
[White "White, Kevin"]
[Black "Spence, David"]
[Result "1/2-1/2"]
[WhiteElo "2079"]
[BlackElo "2235"]
[PlyCount "40"]
[EventDate "2012.06.29"]
[EventType "swiss"]
[EventRounds "5"]
[EventCountry "ENG"]
[SourceTitle "CBM 149 Extra"]
[Source "ChessBase"]
[SourceDate "2012.08.24"]
[SourceVersion "1"]
[SourceVersionDate "2012.08.24"]
[SourceQuality "1"]

1. c4 c5 2. g3 Nc6 3. Bg2 g6 4. Nc3 Bg7 5. d3 d6 6. Nf3 e5 7. 0-0 Nge7 8. Bd2 0-0 9. Qc1 a6 10. Bh6 Rb8 11. Bxg7 Kxg7 12. a3 b5 13. e3 Be6 14. Nd2 f5 15. Nd5 Qd7 16. f4 Ng8 17. Qc3 Nf6 18. Nxf6 Rxf6 19. Bxc6 Qxc6 20. fxe5 dxe5 1/2-1/2

[Event "Buxton e2e4 op"]
[Site "Buxton"]
[Date "2012.06.30"]
[Round "2"]
[White "White, Kevin"]
[Black "Wood, Peter R"]
[Result "1-0"]
[WhiteElo "2079"]
[BlackElo "1921"]
[PlyCount "67"]
[EventDate "2012.06.29"]
[EventType "swiss"]
[EventRounds "5"]
[EventCountry "ENG"]
[SourceTitle "CBM 149 Extra"]
[Source "ChessBase"]
[SourceDate "2012.08.24"]
[SourceVersion "1"]
[SourceVersionDate "2012.08.24"]
[SourceQuality "1"]

1. c4 e6 2. g3 Nf6 3. Bg2 d5 4. Nf3 Be7 5. 0-0 0-0 6. d4 dxc4 7. Qc2 b5 8. Ne5 Nd5 9. e4 Nb4 10. Qd1 Bb7 11. Nc3 a6 12. a3 N4c6 13. Nf3 Nd7 14. Bf4 Nf6 15. Re1 Na5 16. Qe2 c5 17. Rad1 cxd4 18. Nxd4 Qb6 19. e5 Nd5 20. Bxd5 Bxd5 21. Nxd5 exd5 22. Nf5 Qe6 23. Nxe7+ Qxe7 24. Rxd5 Rfe8 25. Qe3 Qa7 26. Qc3 Nb3 27. Red1 Qe7 28. Rd7 Qe6 29. R1d6 Qf5 30. Qf3 Nc5 31. Qxa8 Qb1+ 32. Kg2 Rxa8 33. Rd8+ Rxd8 34. Rxd8# 1-0

[Event "Amsterdam Science Park op-A 1st"]
[Site "Amsterdam"]
[Date "2011.07.11"]
[Round "3"]
[White "Harmsen, Michiel"]
[Black "White, Kevin"]
[Result "0-1"]
[WhiteElo "2140"]
[BlackElo "2104"]
[PlyCount "80"]
[EventDate "2011.07.09"]
[EventType "swiss"]
[EventRounds "9"]
[EventCountry "NED"]
[SourceTitle "CBM 143 Extra"]
[Source "ChessBase"]
[SourceDate "2011.08.29"]
[SourceVersion "1"]
[SourceVersionDate "2011.08.29"]
[SourceQuality "1"]

1. d4 Nf6 2. c4 g6 3. Nc3 Bg7 4. e4 0-0 5. Be2 c5 6. d5 Qa5 7. Bd2 d6 8. h3 e6 9. Nf3 exd5 10. exd5 Re8 11. 0-0 a6 12. a4 Qc7 13. Bd3 Nbd7 14. b3 Ne5 15. Bc2 Nh5 16. Nh2 f5 17. g4 fxg4 18. hxg4 Qe7 19. gxh5 Qh4 20. Be4 Ng4 21. Nxg4 Bxg4 22. Bf3 Be5 23. Re1 Qh2+ 24. Kf1 Bg3 25. Bg2 Bxd1 26. Raxd1 Rf8 27. Ne4 Be5 28. hxg6 hxg6 29. Bg5 Rae8 30. Rd3 Bd4 31. Rxd4 cxd4 32. Nf6+ Kf7 33. Rxe8 Rxe8 34. Nxe8 Kxe8 35. Bd2 Kf7 36. a5 Kf6 37. b4 Qh5 38. Ke1 Qg4 39. Bf1 Qe4+ 40. Kd1 Qb1+ 0-1

[Event "Sunningdale op"]
[Site "Sunningdale"]
[Date "2010.09.11"]
[Round "3"]
[White "White, Kevin"]
[Black "Eggleston, David"]
[Result "1/2-1/2"]
[WhiteElo "2085"]
[BlackElo "2304"]
[PlyCount "140"]
[EventDate "2010.09.10"]
[EventType "swiss"]
[EventRounds "5"]
[EventCountry "ENG"]
[SourceTitle "CBM 138 Extra"]
[Source "ChessBase"]
[SourceDate "2010.10.29"]
[SourceVersion "1"]
[SourceVersionDate "2010.10.29"]
[SourceQuality "1"]

1. c4 Nf6 2. g3 e6 3. Bg2 c5 4. Nf3 Nc6 5. 0-0 Be7 6. b3 0-0 7. Bb2 d6 8. e3 e5 9. d4 cxd4 10. exd4 e4 11. Nfd2 d5 12. cxd5 Qxd5 13. Nc3 Qxd4 14. Ndxe4 Qxd1 15. Raxd1 Bg4 16. f3 Be6 17. Nf2 Rac8 18. f4 Bc5 19. Nce4 Nxe4 20. Bxe4 Bg4 21. Rd5 Bxf2+ 22. Rxf2 h6 23. Kg2 Rfe8 24. Bf3 Bxf3+ 25. Kxf3 Nb4 26. Rd7 Nxa2 27. Rxb7 Rb8 28. Rxa7 Rxb3+ 29. Kg2 Nb4 30. Ra3 Rxa3 31. Bxa3 Nd3 32. Rd2 Re3 33. Bb2 Nb4 34. Bd4 Rb3 35. Rb2 Rxb2+ 36. Bxb2 f5 37. h3 Kf7 38. Kf3 g6 39. Ke3 Ke6 40. Kd4 Nd5 41. Bc1 Nf6 42. Bd2 Kd6 43. Bb4+ Ke6 44. Bd2 Ne4 45. Be1 h5 46. g4 Nf6 47. g5 Nd5 48. Bd2 Ne7 49. Kc5 Nc8 50. Be1 Nd6 51. Kd4 Ne4 52. h4 Nd6 53. Kc5 Nf7 54. Ba5 Nd6 55. Be1 Nc8 56. Bd2 Ne7 57. Kd4 Nc6+ 58. Kc5 Nb8 59. Kc4 Kd6 60. Bc3 Nd7 61. Bd4 Kc6 62. Be3 Nf8 63. Bd2 Ne6 64. Be3 Nc7 65. Bc1 Nb5 66. Bd2 Nc7 67. Kd4 Kd6 68. Kc4 Nd5 69. Kd4 Ke6 70. Kc5 Ne7 1/2-1/2

[Event "Sunningdale op"]
[Site "Sunningdale"]
[Date "2010.09.10"]
[Round "1"]
[White "White, Kevin"]
[Black "Summerscale, Aaron"]
[Result "1/2-1/2"]
[WhiteElo "2085"]
[BlackElo "2419"]
[PlyCount "148"]
[EventDate "2010.09.10"]
[EventType "swiss"]
[EventRounds "5"]
[EventCountry "ENG"]
[SourceTitle "CBM 138 Extra"]
[Source "ChessBase"]
[SourceDate "2010.10.29"]
[SourceVersion "1"]
[SourceVersionDate "2010.10.29"]
[SourceQuality "1"]

1. c4 e6 2. g3 d5 3. Bg2 Nf6 4. Nf3 Be7 5. 0-0 0-0 6. b3 c5 7. Bb2 Nc6 8. e3 b6 9. Qe2 Ba6 10. d4 cxd4 11. exd4 Rc8 12. Ne5 dxc4 13. Nxc6 Rxc6 14. Na3 c3 15. Qxa6 cxb2 16. Rab1 Nd5 17. Rxb2 Qc8 18. Qxc8 Rcxc8 19. Nc4 Rfd8 20. Rd1 Bf6 21. Ne5 Nc3 22. Rdd2 Kf8 23. Nc6 Rd7 24. Rbc2 Nd5 25. Bxd5 Rxd5 26. Nxa7 Rxc2 27. Rxc2 Bxd4 28. Nc6 Bc5 29. Kf1 Ke8 30. Ke2 Kd7 31. Nb8+ Kd6 32. f4 g5 33. Na6 Bg1 34. Nb4 Rb5 35. Rd2+ Kc7 36. Kf1 Rxb4 37. Kxg1 gxf4 38. Rf2 e5 39. gxf4 exf4 40. Kg2 Kd6 41. Kf3 Rd4 42. Re2 h5 43. h4 f6 44. Re8 Kd7 45. Re4 Rd2 46. Rxf4 Ke6 47. Rb4 Rxa2 48. Rxb6+ Kf5 49. Rb5+ Kg6 50. Kg3 Ra1 51. b4 Rg1+ 52. Kh2 Rg4 53. Kh3 Rd4 54. Kg3 Rd3+ 55. Kg2 Rb3 56. Kh2 Re3 57. Kg2 Re4 58. Kg3 f5 59. Rb6+ Kg7 60. Rb5 Rg4+ 61. Kh3 Kf6 62. Rb6+ Ke5 63. Rh6 Rxb4 64. Rxh5 Kf4 65. Rg5 Rb1 66. Kh2 Rb8 67. Kh3 Ke4 68. Rg7 Rb1 69. Kg2 f4 70. Re7+ Kf5 71. Rf7+ Kg4 72. Rg7+ Kxh4 73. Kf3 Rf1+ 74. Kg2 Ra1 1/2-1/2

[Event "Lienz op 15th"]
[Site "Lienz"]
[Date "2009.02.12"]
[Round "7"]
[White "White, Kevin"]
[Black "Kleiser, Gregor"]
[Result "1/2-1/2"]
[WhiteElo "2076"]
[BlackElo "2325"]
[PlyCount "120"]
[EventDate "2009.02.07"]
[EventType "swiss"]
[EventRounds "9"]
[EventCountry "AUT"]
[SourceTitle "CBM 128 Extra"]
[Source "ChessBase"]
[SourceDate "2009.03.05"]
[SourceVersion "2"]
[SourceVersionDate "2009.03.25"]
[SourceQuality "1"]

1. Nf3 d5 2. c4 c6 3. b3 Bf5 4. Bb2 e6 5. g3 Nf6 6. Bg2 h6 7. 0-0 Be7 8. d3 0-0 9. Nbd2 a5 10. a3 Bh7 11. Ne1 b5 12. a4 bxc4 13. bxc4 Na6 14. Nc2 Nb4 15. Nxb4 axb4 16. cxd5 cxd5 17. e4 Ra6 18. Qb3 dxe4 19. Nxe4 Nd5 20. Rfc1 Qb6 21. d4 Rd8 22. Nc5 Ra5 23. Qc4 Bg5 24. Rd1 Bf5 25. h4 Bf6 26. Nb3 Raa8 27. a5 Qa7 28. Rdc1 Rab8 29. a6 Rd6 30. Qc5 Rdb6 31. Nd2 Be7 32. Qa5 Bd3 33. Bxd5 exd5 34. Qxd5 Rxa6 35. Rxa6 Bxa6 36. Ne4 Bf8 37. Nc5 Bc8 38. Re1 Qc7 39. Re4 Bh3 40. Kh2 Rd8 41. Qh5 Bc8 42. Re3 Qc6 43. Qf3 Rd5 44. Nd3 Qd7 45. Re5 Bb7 46. Rxd5 Bxd5 47. Qe3 Qf5 48. Nf4 Bc6 49. Qd2 Bd6 50. d5 Bd7 51. Qd4 f6 52. Bc1 Qg4 53. Qb6 Bxf4 54. Bxf4 Qh3+ 55. Kg1 Bg4 56. Qe3 Bf5 57. Qb3 Kh7 58. Qxb4 Qg4 59. Qb3 Qe2 60. Qe3 Qd1+ 1/2-1/2

[Event "Lienz op 15th"]
[Site "Lienz"]
[Date "2009.02.08"]
[Round "3"]
[White "White, Kevin"]
[Black "Testor, Sebastian"]
[Result "0-1"]
[WhiteElo "2076"]
[BlackElo "2271"]
[PlyCount "58"]
[EventDate "2009.02.07"]
[EventType "swiss"]
[EventRounds "9"]
[EventCountry "AUT"]
[SourceTitle "CBM 128 Extra"]
[Source "ChessBase"]
[SourceDate "2009.03.05"]
[SourceVersion "2"]
[SourceVersionDate "2009.03.25"]
[SourceQuality "1"]

1. Nf3 Nf6 2. c4 e6 3. g3 a6 4. Bg2 b5 5. b3 c5 6. 0-0 Bb7 7. Bb2 Be7 8. e3 0-0 9. d4 cxd4 10. exd4 Qb6 11. Nbd2 Rc8 12. Qe2 Nc6 13. Rfd1 bxc4 14. Nxc4 Qd8 15. Nfe5 d6 16. Nd3 Na5 17. Bxb7 Nxb7 18. Nf4 Na5 19. Ne3 d5 20. Rdc1 Nc6 21. Nd1 Qb6 22. Qd3 Nb4 23. Qd2 Ne4 24. Qe2 Rxc1 25. Rxc1 Nxa2 26. Ra1 Qxb3 27. f3 Nf6 28. Nd3 Nb4 29. Nc1 Qc2 0-1

[Event "Mlada Boleslav CSOB Cup"]
[Site "Mlada Boleslav"]
[Date "2007.08.03"]
[Round "7"]
[White "White, Kevin"]
[Black "Zilka, Stepan"]
[Result "0-1"]
[WhiteElo "2428"]
[BlackElo "2437"]
[PlyCount "120"]
[EventDate "2007.07.30"]
[EventType "tourn"]
[EventRounds "9"]
[EventCountry "CZE"]
[EventCategory "2"]
[SourceTitle "EXT 2010"]
[Source "ChessBase"]
[SourceDate "2010.11.25"]
[SourceVersion "1"]
[SourceVersionDate "2010.11.25"]
[SourceQuality "1"]

1. d4 Nf6 2. Nf3 e6 3. Bg5 h6 4. Bxf6 Qxf6 5. e4 c5 6. c3 cxd4 7. cxd4 Bb4+ 8. Nc3 0-0 9. Bd3 Nc6 10. e5 Qd8 11. Bc2 d6 12. Qd3 g6 13. Qe3 Bxc3+ 14. bxc3 dxe5 15. Qxh6 Qf6 16. h4 exd4 17. cxd4 Nxd4 18. Nxd4 Qxd4 19. 0-0 Qg7 20. Qg5 b6 21. Rab1 Bb7 22. Rb3 Rac8 23. Bb1 Rc5 24. Qe7 Bd5 25. Rg3 Bc4 26. Re1 Ra5 27. Rh3 Re5 28. Rd1 Be2 29. Rd8 Bg4 30. Rhd3 Rd5 31. R3xd5 exd5 32. Rxd5 Qa1 33. Qe1 Rc8 34. h5 Qb2 35. f3 Bxf3 36. gxf3 Rc1 37. Rd1 Qd4+ 38. Rxd4 Rxe1+ 39. Kf2 Rxb1 40. hxg6 Rb2+ 41. Kg3 Rxa2 42. gxf7+ Kxf7 43. Rd7+ Ke6 44. Rb7 Ra1 45. Kg4 Kf6 46. Kf4 Ke6 47. Kg5 Ra5+ 48. Kg4 Ra2 49. Kg5 Kd5 50. f4 Kc6 51. Re7 Rg2+ 52. Kf6 a5 53. f5 a4 54. Re4 b5 55. Ke6 a3 56. f6 a2 57. Re1 b4 58. Rc1+ Kb5 59. Rf1 Rg6 60. Ke5 Rxf6 0-1

[Event "Mlada Boleslav CSOB Cup"]
[Site "Mlada Boleslav"]
[Date "2007.08.02"]
[Round "5"]
[White "Herbold, Manfred"]
[Black "White, Kevin"]
[Result "1-0"]
[WhiteElo "2167"]
[BlackElo "2428"]
[PlyCount "37"]
[EventDate "2007.07.30"]
[EventType "tourn"]
[EventRounds "9"]
[EventCountry "CZE"]
[EventCategory "2"]
[SourceTitle "EXT 2010"]
[Source "ChessBase"]
[SourceDate "2010.11.25"]
[SourceVersion "1"]
[SourceVersionDate "2010.11.25"]
[SourceQuality "1"]

1. e4 Nf6 2. Nc3 d5 3. d3 dxe4 4. Bg5 exd3 5. Bxd3 e6 6. Qe2 Bb4 7. Nf3 c6 8. 0-0 Bxc3 9. bxc3 Qa5 10. Bd2 Na6 11. Ne5 Nc5 12. c4 Qa3 13. f4 Nfd7 14. Qh5 Nxe5 15. fxe5 g6 16. Qf3 f5 17. exf6 Kd8 18. f7 Nd7 19. Bh6 1-0

[Event "Mlada Boleslav CSOB Cup"]
[Site "Mlada Boleslav"]
[Date "2007.08.01"]
[Round "4"]
[White "White, Kevin"]
[Black "Suran, Jan"]
[Result "0-1"]
[WhiteElo "2428"]
[BlackElo "2389"]
[PlyCount "58"]
[EventDate "2007.07.30"]
[EventType "tourn"]
[EventRounds "9"]
[EventCountry "CZE"]
[EventCategory "2"]
[SourceTitle "EXT 2010"]
[Source "ChessBase"]
[SourceDate "2010.11.25"]
[SourceVersion "1"]
[SourceVersionDate "2010.11.25"]
[SourceQuality "1"]

1. Nf3 c5 2. g3 g6 3. Bg2 Bg7 4. 0-0 Nc6 5. c4 e5 6. Nc3 Nge7 7. d3 d6 8. Nd5 Nxd5 9. cxd5 Ne7 10. e4 0-0 11. a4 f5 12. Qb3 h6 13. Nd2 f4 14. f3 h5 15. Nc4 Kh7 16. Bd2 g5 17. a5 Ng6 18. Qa3 Rb8 19. b4 b5 20. axb6 axb6 21. bxc5 dxc5 22. Qa7 Rb7 23. Qa6 g4 24. Qb5 h4 25. fxg4 hxg3 26. hxg3 fxg3 27. Rxf8 Qxf8 28. Rf1 Rf7 29. g5 Rxf1+ 0-1

[Event "Mlada Boleslav CSOB Cup"]
[Site "Mlada Boleslav"]
[Date "2007.07.31"]
[Round "3"]
[White "Vavra, Pavel"]
[Black "White, Kevin"]
[Result "1-0"]
[WhiteElo "2268"]
[BlackElo "2428"]
[PlyCount "45"]
[EventDate "2007.07.30"]
[EventType "tourn"]
[EventRounds "9"]
[EventCountry "CZE"]
[EventCategory "2"]
[SourceTitle "EXT 2010"]
[Source "ChessBase"]
[SourceDate "2010.11.25"]
[SourceVersion "1"]
[SourceVersionDate "2010.11.25"]
[SourceQuality "1"]

1. e4 Nf6 2. Nc3 d5 3. e5 Nfd7 4. f4 Nb6 5. Nf3 Bg4 6. a4 e6 7. Be2 Be7 8. 0-0 0-0 9. Kh1 c5 10. h3 Bxf3 11. Bxf3 Nc6 12. d3 Nd4 13. Bg4 Qd7 14. a5 Nc8 15. Be3 Nf5 16. Bf2 Nh6 17. Bf3 b5 18. g4 b4 19. Na4 Qc7 20. Qd2 Kh8 21. c4 Rd8 22. cxd5 exd5 23. Nxc5 1-0

[Event "Mlada Boleslav CSOB Cup"]
[Site "Mlada Boleslav"]
[Date "2007.07.30"]
[Round "1"]
[White "Pribyl, Josef"]
[Black "White, Kevin"]
[Result "1-0"]
[WhiteElo "2383"]
[BlackElo "2428"]
[PlyCount "43"]
[EventDate "2007.07.30"]
[EventType "tourn"]
[EventRounds "9"]
[EventCountry "CZE"]
[EventCategory "2"]
[SourceTitle "EXT 2010"]
[Source "ChessBase"]
[SourceDate "2010.11.25"]
[SourceVersion "1"]
[SourceVersionDate "2010.11.25"]
[SourceQuality "1"]

1. Nf3 Nf6 2. d4 g6 3. Nc3 d5 4. Bf4 Bg7 5. e3 c6 6. Be2 Nbd7 7. Ne5 Nf8 8. g4 Ne6 9. Bg3 h5 10. f3 Ng5 11. f4 Nh3 12. g5 h4 13. gxf6 exf6 14. Nd3 hxg3 15. hxg3 Qe7 16. Kd2 g5 17. Bg4 gxf4 18. gxf4 Rh4 19. Bxc8 Rxc8 20. Qf3 Qd7 21. Qg3 Rh7 22. Nf2 1-0

[Event "South Wales op 3rd"]
[Site "Caerleon"]
[Date "2006.07.09"]
[Round "3.10"]
[White "White, Kevin"]
[Black "White, Ernest Michael"]
[Result "0-1"]
[WhiteElo "2070"]
[BlackElo "1995"]
[PlyCount "178"]
[EventDate "2006.07.08"]
[EventType "swiss"]
[EventRounds "9"]
[EventCountry "WLS"]
[SourceTitle "CBM 113 Extra"]
[Source "ChessBase"]
[SourceDate "2006.09.14"]
[SourceVersion "1"]
[SourceVersionDate "2006.09.14"]
[SourceQuality "1"]

1. Nf3 f5 2. d3 g6 3. e4 d6 4. Nc3 Bg7 5. d4 fxe4 6. Nxe4 d5 7. Ng3 Qd6 8. Be2 Nc6 9. 0-0 Nh6 10. c3 0-0 11. Bd2 Nf7 12. Be3 e5 13. dxe5 Ncxe5 14. Qd2 Nc4 15. Bxc4 dxc4 16. Qc2 Bg4 17. Qe4 Bxf3 18. Qxf3 b5 19. Rad1 Ne5 20. Qe2 Qc6 21. Rd2 a6 22. f4 Nd3 23. Qf3 Qxf3 24. Rxf3 Rae8 25. Nf1 Bh6 26. g3 g5 27. g4 gxf4 28. Bf2 Ne5 29. Rh3 Bg5 30. Rd5 h6 31. Bc5 Rf7 32. Bd4 Rfe7 33. Nd2 Nxg4 34. Nf3 Ne3 35. Nxg5 Nxd5 36. Rxh6 Rg7 37. Bxg7 Kxg7 38. Rxa6 Re2 39. a4 Rxb2 40. axb5 Rxb5 41. Rc6 Ne7 42. Ne6+ Kf7 43. Nd8+ Ke8 44. Rxc4 Kxd8 45. Rxf4 Ke8 46. Kf2 Re5 47. Rc4 c5 48. Kf3 Ng6 49. Ra4 Ke7 50. Ra6 Nf8 51. Kf4 Rh5 52. Kg3 Nd7 53. h3 Nf6 54. c4 Kf7 55. Rc6 Kg6 56. h4 Rf5 57. Kh3 Re5 58. Kg3 Kf5 59. Kf3 Ne4 60. h5 Nf6 61. h6 Kg5 62. Ra6 Rf5+ 63. Ke3 Kxh6 64. Re6 Kg5 65. Rc6 Re5+ 66. Kd3 Kf5 67. Rd6 Re7 68. Kc2 Rd7 69. Rc6 Ne4 70. Kb3 Ke5 71. Ka4 Kd4 72. Kb5 Rb7+ 73. Ka6 Rb4 74. Ka5 Rxc4 75. Rc8 Rc1 76. Rd8+ Kc3 77. Kb5 Rb1+ 78. Kc6 c4 79. Re8 Nf2 80. Re2 Nd3 81. Re4 Re1 82. Rh4 Re3 83. Rh8 Nb4+ 84. Kc5 Kb3 85. Rb8 Re5+ 86. Kd4 Rd5+ 87. Ke4 Rd1 88. Ke3 c3 89. Ke2 c2 0-1

[Event "Liechtenstein op 24th"]
[Site "Triesen"]
[Date "2006.05.23"]
[Round "5"]
[White "Hohler, Peter"]
[Black "White, Kevin"]
[Result "1-0"]
[WhiteElo "2192"]
[BlackElo "2055"]
[PlyCount "57"]
[EventDate "2006.05.19"]
[EventType "swiss"]
[EventRounds "9"]
[EventCountry "LIE"]
[SourceTitle "CBM 112 Extra"]
[Source "ChessBase"]
[SourceDate "2006.07.14"]
[SourceVersion "1"]
[SourceVersionDate "2006.07.14"]
[SourceQuality "1"]

1. d4 Nf6 2. c4 g6 3. Nc3 Bg7 4. e4 0-0 5. Be3 a6 6. f3 Nc6 7. Nge2 Rb8 8. Nc1 e6 9. Be2 h5 10. 0-0 Nh7 11. Nb3 Ne7 12. Rc1 f5 13. Qd2 d6 14. c5 d5 15. e5 c6 16. g3 Rf7 17. h3 Qf8 18. f4 Kh8 19. Na4 Ng8 20. h4 Nh6 21. Qd3 Qd8 22. Bd2 Ng4 23. Ba5 Qd7 24. Nd2 Bf8 25. Nf3 Be7 26. Bb6 Qe8 27. Bc7 Ra8 28. Nb6 Ra7 29. Bb8 1-0

[Event "IECG CP.2002.S.00001 email"]
[Site "IECG email"]
[Date "2005.04.01"]
[Round "?"]
[White "Simmelink, Joop Theo"]
[Black "White, Kevin"]
[Result "1-0"]
[WhiteElo "2315"]
[BlackElo "2334"]
[PlyCount "69"]
[EventDate "2005.04.01"]
[EventType "tourn (corr)"]
[EventRounds "6"]
[EventCountry "HUN"]
[SourceTitle "Corr 2008"]
[Source "ChessBase"]
[SourceDate "2008.06.24"]
[SourceVersion "1"]
[SourceVersionDate "2008.06.24"]
[SourceQuality "1"]

1. e4 c5 2. Nf3 d6 3. d4 cxd4 4. Nxd4 Nf6 5. Nc3 a6 6. Rg1 e6 7. g4 h6 8. h4 Nfd7 9. g5 hxg5 10. hxg5 g6 11. Be3 b5 12. a3 Bb7 13. Qd2 Nc6 14. 0-0-0 Qc7 15. Nxc6 Bxc6 16. f4 Rb8 17. Bd4 Rh7 18. f5 Qb7 19. Bd3 e5 20. fxg6 fxg6 21. Be3 b4 22. Nd5 bxa3 23. b3 Bxd5 24. exd5 Rg7 25. Rg4 Kd8 26. Qa5+ Qc7 27. Qxa3 Nc5 28. Rc4 Rb5 29. Rf1 Be7 30. b4 Nxd3+ 31. Qxd3 Qb7 32. c3 a5 33. Rc6 a4 34. Rh1 Rg8 35. Rh7 1-0

[Event "IECG CP.2002.S.00001 email"]
[Site "IECG email"]
[Date "2005.04.01"]
[Round "?"]
[White "White, Kevin"]
[Black "Djoudi, Amar"]
[Result "1/2-1/2"]
[WhiteElo "2334"]
[BlackElo "2328"]
[PlyCount "65"]
[EventDate "2005.04.01"]
[EventType "tourn (corr)"]
[EventRounds "6"]
[EventCountry "HUN"]
[SourceTitle "Corr 2008"]
[Source "ChessBase"]
[SourceDate "2008.06.24"]
[SourceVersion "1"]
[SourceVersionDate "2008.06.24"]
[SourceQuality "1"]

1. d4 Nf6 2. c4 e6 3. Nf3 b6 4. g3 Ba6 5. b3 Bb4+ 6. Bd2 Be7 7. Bg2 c6 8. Bc3 d5 9. Ne5 Nfd7 10. Nxd7 Nxd7 11. Nd2 0-0 12. 0-0 Rc8 13. e4 b5 14. Re1 dxc4 15. bxc4 bxc4 16. Qa4 Bb5 17. Qc2 Re8 18. a4 Ba6 19. a5 Nf6 20. Rad1 Qc7 21. Qa4 Red8 22. Nxc4 Bb5 23. Qb3 Rb8 24. Qa2 Nd5 25. exd5 cxd5 26. Ne3 Qxc3 27. Nxd5 exd5 28. Rxe7 Re8 29. Rxe8+ Rxe8 30. Qxd5 a6 31. Bf1 Qxa5 32. Bc4 Rf8 33. Bxb5 1/2-1/2

[Event "Gibraltar Masters"]
[Site "Caleta"]
[Date "2005.02.02"]
[Round "9"]
[White "Agdestein, Emil Dovig"]
[Black "White, Kevin"]
[Result "0-1"]
[WhiteElo "2045"]
[BlackElo "2035"]
[PlyCount "60"]
[EventDate "2005.01.25"]
[EventType "swiss"]
[EventRounds "10"]
[EventCountry "GGB"]
[SourceTitle "CBM 104 Extra"]
[Source "ChessBase"]
[SourceDate "2005.03.01"]
[SourceVersion "1"]
[SourceVersionDate "2005.03.01"]
[SourceQuality "1"]

1. e4 c5 2. Nf3 d6 3. d4 cxd4 4. Nxd4 Nf6 5. Nc3 a6 6. Bg5 e6 7. Qd2 h6 8. Bxf6 Qxf6 9. f4 Be7 10. Bd3 Nd7 11. Nb3 0-0 12. 0-0 b5 13. e5 dxe5 14. Ne4 Qh4 15. fxe5 Bd8 16. Rf4 Qh5 17. Ng3 Qxe5 18. Re1 Qxb2 19. Rg4 Bg5 20. Qe2 Nf6 21. h4 Nxg4 22. hxg5 f5 23. gxf6 Nxf6 24. Rf1 Bd7 25. Rxf6 Qxf6 26. Qe4 Kf7 27. Nc5 Rad8 28. Qb7 Qd4+ 29. Kh2 Qxc5 30. Qe4 Qg5 0-1

[Event "Gibraltar Masters"]
[Site "Caleta"]
[Date "2005.01.30"]
[Round "6"]
[White "White, Kevin"]
[Black "Ofstad, Per"]
[Result "1-0"]
[WhiteElo "2035"]
[BlackElo "2202"]
[PlyCount "93"]
[EventDate "2005.01.25"]
[EventType "swiss"]
[EventRounds "10"]
[EventCountry "GGB"]
[SourceTitle "CBM 104 Extra"]
[Source "ChessBase"]
[SourceDate "2005.03.01"]
[SourceVersion "1"]
[SourceVersionDate "2005.03.01"]
[SourceQuality "1"]

1. d4 d5 2. Nf3 Nf6 3. c3 Nbd7 4. Bg5 Ne4 5. Bh4 Ndf6 6. Nbd2 c6 7. e3 Bf5 8. Qb3 Qb6 9. c4 e6 10. c5 Nxd2 11. Nxd2 Qxb3 12. axb3 e5 13. Nf3 Nd7 14. b4 Be7 15. Bxe7 Kxe7 16. Nxe5 Nxe5 17. dxe5 Rhd8 18. f3 h5 19. Be2 Ke6 20. 0-0 h4 21. f4 d4 22. Bc4+ Ke7 23. e4 Bxe4 24. f5 f6 25. Rae1 Bd5 26. Bd3 Re8 27. e6 h3 28. g3 Rh8 29. Rf4 Rad8 30. Ra1 a6 31. Rg4 g5 32. fxg6 Bxe6 33. Re1 Rd5 34. g7 Rg8 35. Bh7 Re5 36. Rxe5 fxe5 37. Bxg8 Bxg8 38. Kf2 Kf7 39. Re4 Kf6 40. Ke2 Kf5 41. Rh4 e4 42. Rf4+ Ke5 43. Rf8 Bc4+ 44. Ke1 e3 45. g8Q Bxg8 46. Rxg8 d3 47. Rg4 1-0

[Event "Gibraltar Masters"]
[Site "Caleta"]
[Date "2005.01.29"]
[Round "5"]
[White "Calzetta Ruiz, Monica"]
[Black "White, Kevin"]
[Result "1-0"]
[WhiteElo "2281"]
[BlackElo "2035"]
[PlyCount "97"]
[EventDate "2005.01.25"]
[EventType "swiss"]
[EventRounds "10"]
[EventCountry "GGB"]
[SourceTitle "CBM 104 Extra"]
[Source "ChessBase"]
[SourceDate "2005.03.01"]
[SourceVersion "1"]
[SourceVersionDate "2005.03.01"]
[SourceQuality "1"]

1. e4 d5 2. exd5 Qxd5 3. Nc3 Qa5 4. d4 Nf6 5. Bd2 c6 6. Bd3 Bg4 7. f3 Bh5 8. Nge2 e6 9. Nf4 Bg6 10. Nxg6 hxg6 11. Qe2 Qc7 12. 0-0-0 Bd6 13. g3 Nbd7 14. Ne4 Nxe4 15. fxe4 e5 16. d5 c5 17. Rhf1 Rf8 18. Rf2 a6 19. Rdf1 b5 20. c4 Nb6 21. Ba5 b4 22. Bc2 Rb8 23. Ba4+ Kd8 24. Qg4 Qe7 25. Qh3 Kc7 26. Qh7 f5 27. Qxg6 Rf6 28. Qg5 f4 29. gxf4 exf4 30. Rg1 f3 31. Qxg7 Rf7 32. Qg6 Rf6 33. Qg7 Rf7 34. Qg6 Rf6 35. Qg4 Bf4+ 36. Kb1 Rbf8 37. Rxf3 Qxe4+ 38. Bc2 Qxc4 39. Re1 Qb5 40. Qg7+ Kb8 41. Bxb6 Qxb6 42. Re7 c4 43. Be4 b3 44. d6 bxa2+ 45. Ka1 Qxd6 46. Rd7 Bh6 47. Rxf6 Rxf6 48. Qg8+ Qf8 49. Rd8+ 1-0

[Event "Gibraltar Masters"]
[Site "Caleta"]
[Date "2005.01.27"]
[Round "3"]
[White "Al Sayed, Mohammed"]
[Black "White, Kevin"]
[Result "1-0"]
[WhiteElo "2463"]
[BlackElo "2035"]
[PlyCount "65"]
[EventDate "2005.01.25"]
[EventType "swiss"]
[EventRounds "10"]
[EventCountry "GGB"]
[SourceTitle "CBM 104 Extra"]
[Source "ChessBase"]
[SourceDate "2005.03.01"]
[SourceVersion "1"]
[SourceVersionDate "2005.03.01"]
[SourceQuality "1"]

1. e4 d5 2. exd5 Qxd5 3. Nc3 Qa5 4. d4 Nf6 5. Bd2 c6 6. Bc4 Bf5 7. Nd5 Qd8 8. Nxf6+ gxf6 9. c3 e6 10. Ne2 Nd7 11. Ng3 Bg6 12. Qe2 Nb6 13. Bb3 Qc7 14. Nh5 Bxh5 15. Qxh5 0-0-0 16. Qf3 f5 17. 0-0-0 c5 18. Bf4 Bd6 19. Bxd6 Rxd6 20. dxc5 Qxc5 21. Rxd6 Qxd6 22. g4 f4 23. Qe4 Qc6 24. Re1 Qxe4 25. Rxe4 Nd7 26. Rc4+ Kb8 27. Rxf4 Ne5 28. Bc2 Rg8 29. b3 h5 30. Re4 Nd7 31. gxh5 Rg5 32. Rh4 Ne5 33. h6 1-0